000 01118njm a22002777a 4500
005 20100909110752.0
007 sd ammalaaahaa
008 100907t xxu||||| |||| 00| 0 eng d
028 _aN. 5099
_bAngel Record
035 _aGR-02205
040 _aSED/VEN
100 _aDey, Manna
_918700
245 _aHits of Roshan /
_cby Manna Dey;lyrics Sahir Ludhiyanvi
246 _aहिट्स ऑफ़ रोशन/ मन्ना डे द्वारा
260 _aDam Dam, India
_bLong Playing
300 _a1 Sound Disc [Gramophone Record] :
_banalog.33 1/2 rpm
_c12.5 in (LP)
_fGramophone Record
500 _aBrief Record
505 _aSide 1- जो वडा किया था (Jo wada kiya tha)--Side-2 संसार से भागे फिरते हो (Sansaar se bhage firte ho) (Manna dey)
650 _aClassical Music
_xExcerpts
_zIndia
_918707
700 _918701
_aSahir, ludhiyanvi
700 _918729
_aBadayuni, Shakeel
700 _918702
700 _919401
942 _2ddc
_cGR
999 _c45361
_d45361